000 00576nam a2200181 i 4500
001 25381
003 ES-MaACL
005 20230908063133.0
007 t|
008 021226q1909 sp |||| | spa d
100 1 _aArgente, Baldomero,
_d1877-1965
_922691
245 1 0 _aTierras sombrías
_b: [crónicas y artículos literarios] /
_cBaldomero Argente del Castillo.
260 _aValencia :
_b[s.n.,
_c1909?] (
_fF. Sempere y Cía)
300 _a210 p. ;
_c19 cm.
650 0 4 _aAgricultura-
_zEspaña.
_99680
852 _aES-MaACL
_jF-10976
999 _c25381
_d25381